000 01128nam0a22003131 4500
001 v19\rc\1893463
005 20251118180414.0
035 _a(NLR Aleph) 004980344
090 _a6178435
_c6178435
100 _a20080221d1911 u y0rusy50 ca
101 1 _arus
_cfre
102 _aRU
105 _aa z |||||
200 1 _aМаяк на краю света
_fЖюль Верн
_gС ил. Жоржа Ру
_gПер. с фр. Н.Я.К.
210 _aКиев
_aСанкт-Петербург
_aОдесса
_cФ.А. Иогансон
_d1911
_gтип. С.В. Кульженко в Киеве
215 _a253, [2] с.
_cил.
_d20
225 1 _aСказочная библиотека
532 1 3 _aМаяк на краю света
700 1 _aВерн
_bЖ.
_f1828-1905
_gЖюль
702 0 _aН. Я. К.
_4730
702 1 _4440
_7ca
_8rus
_aРу
_bЖ.
_cхудожник
_f1853-1929
_gЖорж
_9211721
_3RU\NLR\AUTH\770211777
801 0 _aRU
_bNLR
_gpsbo
801 0 _aRU
_bRuMoRGB
_2psbo
801 1 _aRU
_bProSoft-M
_2rusmarc
852 _aNLR
_j19.90.4.59
899 _aRuMoRGB
_jF 106/69
942 _cBOOK
980 _aNB